Statistiques concernant Ultimate Harry Potter nom du jeu

Cliquez ici pour prendre le quiz!

Statistiques générales

  • Ce quiz a été pris 1 714 fois
  • Le résultat moyen est 111 sur 183

Statistiques - réponses

nom de familleprénom% Correct
PotterHarry
99%
GrangerHermione
99%
PotterJames
99%
Potter (2ème gén)James Sirius
99%
Potter (2ème gén)Lily Luna
99%
WeasleyFred
98%
Weasley (2ème gén)Fred II
98%
WeasleyGeorge
98%
WeasleyGinny
98%
PotterLily
98%
LovegoodLuna
98%
LondubatNeville
98%
WeasleyRon
98%
DumbledoreAlbus
97%
Potter (2ème gén)Albus Severus
97%
WeasleyArthur
97%
Weasley | Weasley (2ème gén)Molly
97%
BlackSirius
97%
WeasleyPercy
96%
LestrangeBellatrix
95%
WeasleyBill
95%
WeasleyCharlie
95%
DursleyDudley
95%
MalefoyLucius
95%
RogueSeverus
95%
PettigrewPeter
94%
DursleyPetunia
94%
DursleyVernon
93%
DelacourFleur
92%
MalefoyNarcissa
92%
HagridRubeus
92%
SerpentardSalazar
92%
DiggoryCedric
91%
ChangCho
91%
GryffondorGodric
91%
PoufsouffleHelga
89%
McGonagallMinerva
89%
SkeeterRita
89%
SerdaigleRowena
89%
LovegoodXenophilius
89%
LupinRemus
88%
KrumViktor
86%
CrouptonBarty Jr.
85%
CrouptonBarty Sr.
85%
MalefoyDraco
85%
FlitwickFilius
84%
MaugreyAlastor
83%
DursleyMarjorie
83%
PatilParvati
82%
LondubatAlice
81%
DumbledoreAriana
81%
KarkaroffIgor
81%
BrownLavender
81%
TonksNymphadora
81%
PatilPadma
81%
CrabbeVincent
81%
DiggoryAmos
80%
UmbridgeDolores
79%
LockhartGilderoy
79%
SerdaigleHelena
79%
FinniganSeamus
79%
TrelawneySybill
79%
RusardArgus
78%
CriveyColin
78%
ThomasDean
78%
SlughornHorace
78%
BellKatie
78%
TourdesacBathilda
77%
JordanLee
77%
AbbottHannah
76%
ParkinsonPansy
76%
FudgeCornelius
75%
Bryce | LondubatFrank
75%
GoyleGregory
75%
CattermoleReginald
75%
DelacourGabrielle
74%
TonksTed
74%
MaximeOlympe
73%
BlackRegulus
73%
Malefoy (2ème gén)Scorpius
73%
JohnsonAngelina
72%
Weasley (2ème gén)Rose
71%
Weasley (2ème gén)Hugo
67%
GreybackFenrir
66%
LupinTeddy
66%
ZabiniBlaise
65%
GrindelwaldGellert
65%
RiddleTom
65%
McLaggenCormac
64%
CarrowAlecto
63%
CarrowAmycus
63%
ShackleboltKingsley
62%
QuirrellQuirinus
62%
DolohovAntonin
60%
PomfreyPoppy
59%
VerpeyLudovic
58%
de Mimsy-PorpingtonNicholas
58%
ScrimgeourRufus
58%
DumbledoreAbelforth
57%
DumbledorePercival
57%
MacMillanErnie
56%
PeverellIgnotus
56%
SpinnetAlicia
54%
DogeElphias
54%
OllivanderGarrick
54%
Finch-FletchleyJustin
54%
FiggArabella
53%
CriveyDennis
53%
TonksAndromeda
52%
BulstrodeMillicent
52%
Weasley (2ème gén)Victoire
52%
LondubatAugusta
51%
DumbledoreKendra
51%
Belby | FlintMarcus
51%
BonesSusan
51%
GauntMarvolo
49%
GauntMerope
49%
BlackPhineas Nigellus
49%
LestrangeRodolphus
49%
BurbageCharity
48%
DippetArmando
47%
HopkirkMafalda
47%
SinistraAurora
45%
VaneRomilda
44%
Weasley (2ème gén)Louis
42%
DiggleDedalus
41%
Weasley (2ème gén)Roxanne
40%
GoldsteinAnthony
38%
Weasley (2ème gén)Dominique
38%
CornerMichael
38%
Weasley (2ème gén)Lucy
37%
GauntMorfin
36%
BinnsCuthbert
35%
SproutPomona
35%
BonesAmelia
34%
CattermoleMary
34%
BootTerry
34%
JorkinsBertha
33%
RosierEvan
33%
ScamanderNewt
33%
SmithZacharias
33%
PrinceEileen
32%
PrewettFabian
32%
EdgecombMarietta
32%
WoodOliver
32%
RuncornAlbert
31%
PrewettGideon
30%
PeverellAntioch
29%
PeverellCadmus
29%
ThicknessePius
29%
DaviesRoger
29%
LestrangeRabastan
28%
DeauclairePenelope
26%
VectorSeptima
25%
RookwoodAugustus
24%
VanceEmmeline
24%
SmithHepzibah
23%
DawlishJohn
23%
PodmoreSturgis
22%
Grubbly-PlankWilhelmina
21%
OgdenBob
20%
FletcherMundungus
20%
PolkissPiers
20%
CresswellDirk
18%
JonesHestia
18%
ShunpikeStanley
17%
SloperJack
16%
HoochRolanda
15%
MacnairWalden
15%
RobinsDemelza
14%
JonesGwenog
13%
PeakesJimmy
13%
KirkeAndrew
12%
MorozBroderick
12%
MarchbanksGriselda
12%
CooteRitchie
12%
RowleThorfinn
9%
TycrossWilkie
9%
WarbeckCelestina
7%
GregorovitchMykew
7%

Distribution des résultats

Percentile par nombre de réponses

% des personnes avec chaque résultat

Votre développement - résultats

Vous n’avez pas pris ce quiz